000 00941nam a2200265 a 4500
999 _c3835
_d3835
001 19249
003 BD-DhUAP
005 20200312150007.0
008 200312s1996 enka b 001 0 eng d
020 _a9780194371483
040 _aBD-DhUAP
_cBD-DhUAP
_dBD-DhUAP
_bEng
082 0 4 _a418.0076 BAC
_223
100 1 _aBachman, Lyle F.
245 1 0 _aLanguage testing in practice :
_bdesigning and developing useful language tests /
_cLyle F. Bachman and Adrian S. Palmer.
260 _aNew York :
_bOxford University Press,
_cc1996.
300 _avi, 377 pages :
_billustrations ;
_c25 cm.
490 1 _aOxford applied linguistics.
504 _aIncludes bibliographical references (p.[366]-370) and index.
650 0 _aLanguage and languages
_xAbility testing
650 0 _aLanguage and languages
_xExaminations.
700 1 _aPalmer, Adrian S.
942 _2ddc
_cBK